[Event "Rome Elo op 4th"]
[Site "Rome"]
[Date "2009.06.10"]
[Round "6"]
[White "Quimi, Marco"]
[Black "Mulas, Icaro"]
[Result "1-0"]
[WhiteElo "2242"]
[BlackElo "1815"]
[PlyCount "43"]
[EventDate "2009.05.06"]
[EventType "swiss"]
[EventRounds "7"]
[EventCountry "ITA"]
[SourceTitle "EXT 2011"]
[Source "ChessBase"]
[SourceDate "2010.11.26"]
[SourceVersion "1"]
[SourceVersionDate "2010.11.26"]
[SourceQuality "1"]

1. e4 c5 2. Nf3 d6 3. Bc4 Nf6 4. Qe2 Nc6 5. 0-0 e6 6. Bb3 Be7 7. c3 0-0 8. d4 d5 9. e5 Nd7 10. Rd1 Re8 11. Nbd2 h6 12. Nf1 Bf8 13. Ng3 b6 14. Bc2 f5 15. exf6 Nxf6 16. Bf4 a5 17. Bg6 Ba6 18. Qc2 Re7 19. Ne5 Rc8 20. Qd2 Nxe5 21. Bxe5 Nd7 22. Bd6 1-0